• 首页
  • 本馆介绍
  • 公告通知
  • 最新文献
  • 馆藏检索
  • 电子资源
  • 读者导购
  • 参考咨询
  • 我的图书馆
  • 登录
  • 详细信息显示
  • 放入我的书架
  • 预约/预借图书
  • 作者相关作品
  • 分类相关作品
  • 丛书相关作品
  • 出版社相关作品

书目信息

  • 表格格式
  • 工作单格式
  • 卡片格式
题名:
眼耳鼻喉科护理学
    
 
作者: 席淑新 主编
分册:  
出版信息: 北京   高等教育出版社  2011
页数: 164页
开本: 29cm
丛书名:
单 册:
中图分类: R473.77 , R473.76
科图分类:
主题词: 眼病--护理--高等职业教育--教材 , 耳鼻咽喉病--护理--高等职业教育--教材
电子资源:
ISBN: 978-7-04-031345-1
000 00944nam0 2200265 450
001 0102215228
005 20111212140034.0
010    @a978-7-04-031345-1@dCNY23.20
100    @a20111104d2011 em y0chiy0120 ea
101 0  @achi
102    @aCN@b110000
105    @aa z 000yy
106    @ar
200 1  @a眼耳鼻喉科护理学@9Yan Er Bi Hou Ke Hu Li Xue @f席淑新主编@b专著
210    @a北京@c高等教育出版社@d2011
215    @a164页@c图@d29cm
300    @a全国高职高专护理专业“理实一体化”系列教材
330    @a本书主要介绍眼科护理的和耳鼻咽喉科护理的基础知识。具体包括眼的应用解剖和生理、眼科患者护理概述、耳鼻咽喉的应用解剖生理、耳鼻咽喉患者的护理概述等内容。
606 0  @a眼病@x护理@x高等职业教育@j教材
606 0  @a耳鼻咽喉病@x护理@x高等职业教育@j教材
690    @aR473.77@v4
690    @aR473.76@v4
701  0 @a席淑新@c(女,@f1971~)@4主编@9xi shu xin
801  0 @aCN@bAZmarc@c20230902
905    @aBZT@dR473.77@e2@f1@sR473.77/2
    
    眼耳鼻喉科护理学/席淑新主编.-北京:高等教育出版社,2011
    164页:图;29cm
    全国高职高专护理专业“理实一体化”系列教材
    
    ISBN 978-7-04-031345-1:CNY23.20
    本书主要介绍眼科护理的和耳鼻咽喉科护理的基础知识。具体包括眼的应用解剖和生理、眼科患者护理概述、耳鼻咽喉的应用解剖生理、耳鼻咽喉患者的护理概述等内容。
●
相关链接 在五车中查询图书 在当当中查询图书 在豆瓣中查询图书


正题名:眼耳鼻喉科护理学     索取号:R473.77/2         预约/预借

序号 登录号 条形码 馆藏地/架位号 状态 备注
1 2000032231   2000032231   旧书回溯/ [索取号:R473.77/2] 在馆    
山东省滨州职业学院图书馆 欢迎您!
大连网信软件有限公司© 版权所有